The original revolution : (Record no. 32006)
[ view plain ]
| 000 -LEADER | |
|---|---|
| fixed length control field | 00659nam a2200193 4500 |
| 008 - FIXED-LENGTH DATA ELEMENTS--GENERAL INFORMATION | |
| fixed length control field | 080811r19771971pau b 001 0 eng |
| 020 ## - INTERNATIONAL STANDARD BOOK NUMBER | |
| International Standard Book Number | 083611812X :USD4.76 |
| 090 ## - LOCALLY ASSIGNED LC-TYPE CALL NUMBER (OCLC); LOCAL CALL NUMBER (OCLC) | |
| Classification number (OCLC) (R) ; Classification number, CALL (RLIN) (NR) | BT736.2 |
| Local cutter number (OCLC) ; Book number/undivided call number, CALL (RLIN) | Yo7o |
| 100 1# - MAIN ENTRY--PERSONAL NAME | |
| Personal name | Yoder, John Howard. |
| 245 14 - TITLE STATEMENT | |
| Title | The original revolution : |
| Remainder of title | essays on Christian pacifism / |
| Statement of responsibility, etc | John Howard Yoder. |
| 260 ## - PUBLICATION, DISTRIBUTION, ETC. (IMPRINT) | |
| Place of publication, distribution, etc | Scottdale, Pa. : |
| Name of publisher, distributor, etc | Herald Press, |
| Date of publication, distribution, etc | c2003. |
| 300 ## - PHYSICAL DESCRIPTION | |
| Extent | 191 p.;20 cm. cm. |
| 490 1# - SERIES STATEMENT | |
| Series statement | Christian peace shelf. |
| 500 ## - GENERAL NOTE | |
| General note | Originally published: 1971. |
| 504 ## - BIBLIOGRAPHY, ETC. NOTE | |
| Bibliography, etc | Includes indexes. |
| 650 #4 - SUBJECT ADDED ENTRY--TOPICAL TERM | |
| Topical term or geographic name as entry element | Pacifism. |
| 650 #4 - SUBJECT ADDED ENTRY--TOPICAL TERM | |
| Topical term or geographic name as entry element | War |
| General subdivision | Religious aspects |
| -- | Christianity. |
| 951 ## - EQUIVALENCE OR CROSS-REFERENCE-GEOGRAPHIC NAME/AREA NAME [OBSOLETE] [CAN/MARC only] | |
| -- | 8695 |
| -- | BT736.2/Yo7o |
| -- | 080811123902999 |
| -- | 2000-12-21 |
| -- | GC |
| Withdrawn status | Lost status | Source of classification or shelving scheme | Damaged status | Not for loan | Home library | Current library | Shelving location | Date acquired | Accession number | Shelving control number | Total Checkouts | Full call number | Barcode | Date last seen | Price effective from | Koha item type |
|---|---|---|---|---|---|---|---|---|---|---|---|---|---|---|---|---|
| Library of Congress Classification | BSOP Library | BSOP Library | GC | 12/21/2000 | 8695 | 127 | BT736.2/Yo7o | 00017059 | 02/23/2013 | 02/23/2013 | Books |
